[Event "Sivakasi Mahalingam Cup"]
[Site "Sivakasi"]
[Date "2023.07.23"]
[Round "5"]
[White "Vijay, Shreeram P"]
[Black "Nitin, Senthilvel"]
[Result "0-1"]
[WhiteElo "1840"]
[BlackElo "2389"]
[PlyCount "84"]
[EventDate "2023.07.21"]
[EventType "swiss"]
[EventRounds "9"]
[EventCountry "IND"]
[SourceTitle "EXT 2024"]
[Source "ChessBase"]
[SourceDate "2023.10.10"]
[SourceVersion "1"]
[SourceVersionDate "2023.10.10"]
[SourceQuality "1"]

1. e4 c5 2. Nc3 Nc6 3. f4 g6 4. Nf3 Bg7 5. Bc4 e6 6. f5 gxf5 7. d3 Nge7 8. 0-0 0-0 9. Bg5 h6 10. Bh4 Qc7 11. Qd2 a6 12. Bg3 d6 13. Nh4 Nd4 14. exf5 Nexf5 15. Nxf5 Nxf5 16. Rxf5 exf5 17. Nd5 Qd8 18. Qf4 Qg5 19. Nb6 Be6 20. Bxe6 fxe6 21. Nxa8 Qxf4 22. Bxf4 Rxa8 23. Bxd6 Bxb2 24. Rb1 Bd4+ 25. Kf1 b5 26. a3 Kf7 27. Ke2 e5 28. Kd2 Ke6 29. Bc7 Rc8 30. Bb6 Rc6 31. Ba7 Rc7 32. Bb6 Rb7 33. Ba5 Rg7 34. g3 f4 35. Rh1 c4 36. dxc4 bxc4 37. c3 Be3+ 38. Ke2 Kf5 39. gxf4 Bxf4 40. Kf2 Rd7 41. Rb1 Rd2+ 42. Kf1 Kg4 0-1

[Event "Hosur op 3rd"]
[Site "Hosur"]
[Date "2023.02.04"]
[Round "8"]
[White "Vijay, Shreeram P"]
[Black "Ratnakaran, K."]
[Result "0-1"]
[WhiteElo "1783"]
[BlackElo "2290"]
[PlyCount "136"]
[EventDate "2023.02.01"]
[EventType "swiss"]
[EventRounds "9"]
[EventCountry "IND"]
[SourceTitle "CBM 212 Extra"]
[Source "ChessBase"]
[SourceDate "2023.03.31"]
[SourceVersion "1"]
[SourceVersionDate "2023.03.31"]
[SourceQuality "1"]

1. e4 e6 2. d4 d5 3. e5 c5 4. c3 Nc6 5. Be3 cxd4 6. cxd4 f6 7. Nf3 fxe5 8. Nxe5 Nxe5 9. dxe5 g6 10. Nc3 a6 11. Bd3 Bg7 12. f4 Ne7 13. Ne2 0-0 14. h4 Bd7 15. Nd4 Nc6 16. Nf3 Bh6 17. g3 d4 18. Bd2 Be8 19. Qb3 Qe7 20. Be4 a5 21. a3 Rd8 22. Qd3 Qc5 23. Rc1 Qb6 24. Qc4 Bf7 25. Qc5 Qb3 26. Qc2 Qb5 27. a4 Qb6 28. Qc5 Qb3 29. Qc4 Qxb2 30. Rb1 Qa3 31. Rxb7 Nb4 32. Kf2 d3 33. h5 Rc8 34. Rc7 Rxc7 35. Qxc7 gxh5 36. Qxa5 Nd5 37. Qb5 Nc3 38. Bxc3 Qxc3 39. Qxd3 Qa5 40. Qc4 Rb8 41. Bc2 Bf8 42. Ng5 Rb2 43. Rd1 Qc5+ 44. Qxc5 Bxc5+ 45. Kf3 Rxc2 46. Rd8+ Bf8 47. f5 Rc6 48. Nxh7 Kxh7 49. Rxf8 Kg7 50. Ra8 exf5 51. Kf4 Kg6 52. Ke3 Rc4 53. Ra6+ Kg5 54. Rf6 Be8 55. Rf8 Re4+ 56. Kf2 Rxe5 57. a5 Bb5 58. Rg8+ Kf6 59. Rh8 Kg6 60. Rg8+ Kh7 61. Ra8 Re2+ 62. Kg1 Rg2+ 63. Kh1 Rxg3 64. Rb8 Bc6+ 65. Kh2 Ra3 66. Rb6 Be4 67. a6 h4 68. Rd6 Ra1 0-1

[Event "Bhopal op"]
[Site "Bhopal"]
[Date "2018.12.22"]
[Round "3"]
[White "Tran, Tuan Minh"]
[Black "Vijay, Shreeram P"]
[Result "1-0"]
[WhiteElo "2524"]
[BlackElo "1907"]
[PlyCount "122"]
[EventDate "2018.12.21"]
[EventType "swiss"]
[EventRounds "10"]
[EventCountry "IND"]
[SourceTitle "CBM 188 Extra"]
[Source "ChessBase"]
[SourceDate "2019.02.26"]
[SourceVersion "1"]
[SourceVersionDate "2019.02.26"]
[SourceQuality "1"]

1. d4 f5 2. Bf4 Nf6 3. e3 e6 4. Nf3 d6 5. h3 Qe7 6. c4 Nc6 7. Nc3 e5 8. Bg5 e4 9. Nd5 Qf7 10. Bxf6 exf3 11. Bh4 fxg2 12. Bxg2 Be6 13. Qa4 Qd7 14. 0-0-0 Bxd5 15. Bxd5 Nd8 16. Qxd7+ Kxd7 17. Bxd8 Rxd8 18. Bxb7 c6 19. d5 c5 20. Rd3 Kc7 21. Bc6 Rb8 22. Ra3 Kb6 23. Rd1 Be7 24. Rdd3 a6 25. Rdb3+ Ka7 26. Bb5 Rb6 27. Ra5 Ra8 28. Rba3 Kb8 29. Bxa6 g5 30. Bb5 Rxa5 31. Rxa5 Bf6 32. b4 cxb4 33. Bc6 f4 34. exf4 gxf4 35. Ra8+ Kc7 36. Ra7+ Kb8 37. Ra8+ Kc7 38. Kc2 Bd4 39. Ra7+ Kb8 40. Rxh7 Ra6 41. f3 Ra3 42. Rb7+ Kc8 43. Rxb4 Rxf3 44. Rb3 Rf1 45. Kd3 Be5 46. Ke4 Rf2 47. a4 Re2+ 48. Kd3 Rh2 49. Ke4 Re2+ 50. Kf3 Rh2 51. Kg4 Rg2+ 52. Kf5 Rg3 53. Rb1 Rxh3 54. a5 Ra3 55. c5 Rxa5 56. cxd6 Bxd6 57. Ke6 Bc5 58. d6 Bxd6 59. Kxd6 Ra6 60. Rh1 Kb8 61. Rh8+ Ka7 1-0

[Event "IND-ch U11"]
[Site "Odisha"]
[Date "2014.07.28"]
[Round "7"]
[White "Raja, Rithvik R"]
[Black "Vijay, Shreeram P"]
[Result "0-1"]
[WhiteElo "1742"]
[BlackElo "1635"]
[PlyCount "64"]
[EventDate "2014.07.24"]
[EventType "swiss"]
[EventRounds "11"]
[EventCountry "IND"]
[SourceTitle "CBM 161 Extra"]
[Source "ChessBase"]
[SourceDate "2014.08.29"]
[SourceVersion "1"]
[SourceVersionDate "2014.08.29"]
[SourceQuality "1"]

1. d4 e6 2. Nf3 f5 3. c4 Nf6 4. g3 Be7 5. Bg2 0-0 6. 0-0 d6 7. b3 Ne4 8. Bb2 Nd7 9. Nc3 Nxc3 10. Bxc3 Bf6 11. Qc2 Qe8 12. Ne1 e5 13. dxe5 Bxe5 14. Bxe5 dxe5 15. Qc3 Nf6 16. Nc2 c6 17. Rad1 Qh5 18. Bf3 Ng4 19. Bxg4 fxg4 20. c5 Be6 21. Rd6 Rf6 22. Ne3 Rh6 23. h4 gxh3 24. Kh2 Rf8 25. Qd2 Rhf6 26. Qe1 Qg5 27. b4 h5 28. a4 h4 29. gxh4 Qxh4 30. f3 Qf4+ 31. Qg3 Qxe3 32. Rg1 Qf4 0-1